| 000 | 00726cam a2200229 a 4500 | ||
|---|---|---|---|
| 001 | 3804438 | ||
| 005 | 20180223082005.0 | ||
| 008 | 850320s1986 mdua b 001 0 eng | ||
| 010 | _a 85006710 | ||
| 020 |
_a0933716516 (pbk.) : _c$19.95 |
||
| 040 |
_aDLC _cDLC _dDLC |
||
| 041 | _aeng | ||
| 043 | _an-us--- | ||
| 080 | _a371.90973 rob | ||
| 082 | 0 | 0 |
_a371.90973 rob _219 |
| 100 | _a48 | ||
| 101 | _aedu | ||
| 245 | 0 | 0 |
_aEducation of learners with severe handicaps : _cedited by Robert H. Horner, Luanna H. Meyer, H.D. Bud Fredericks ; foreword by Lou Brown. |
| 504 | _aIncludes bibliographies and index. | ||
| 906 |
_a7 _bcbc _corignew _d1 _eocip _f19 _gy-gencatlg |
||
| 942 |
_2ddc _cBK |
||
| 999 |
_c43302 _d43302 |
||